La sexta isla /
שמור ב:
| מחבר ראשי: | |
|---|---|
| פורמט: | ספר |
| שפה: | Spanish |
| יצא לאור: |
La Habana, Cuba:
Editorial Capitán San Luis,
2004.
|
| מהדורה: | 1. edición |
| תגים: |
הוספת תג
אין תגיות, היה/י הראשונ/ה לתייג את הרשומה!
|
MARC
| LEADER | 00000mam a22000007a 4500 | ||
|---|---|---|---|
| 001 | 1959465 | ||
| 005 | 20141117083624.0 | ||
| 008 | 880520s2004 cu 000 1 spa | ||
| 020 | |a 9682110726 | ||
| 040 | |a NNC |c NNC |d CRU CIICLA | ||
| 082 | |a Cu863.4 |b Ch512s | ||
| 100 | 1 | |a Chavarría, Daniel, |d 1933- | |
| 245 | 1 | 3 | |a La sexta isla / |c Daniel Chavarría. |
| 250 | |a 1. edición | ||
| 260 | |a La Habana, Cuba: |b Editorial Capitán San Luis, |c 2004. | ||
| 300 | |a 383 páginas | ||
| 942 | |2 ddc |c BK | ||
| 999 | |c 3585 |d 3585 | ||



